[Event "Schleswig Holstein-ch Seniors op 11th"]
[Site "Buesum"]
[Date "2017.09.09"]
[Round "2"]
[White "Szenetra, Werner"]
[Black "Mentink, Toon"]
[Result "1-0"]
[WhiteElo "2148"]
[BlackElo "1946"]
[PlyCount "81"]
[EventDate "2017.09.08"]
[EventType "swiss"]
[EventRounds "9"]
[EventCountry "GER"]
[SourceTitle "EXT 2019"]
[Source "ChessBase"]
[SourceDate "2018.10.10"]
[SourceVersion "1"]
[SourceVersionDate "2018.10.10"]
[SourceQuality "1"]

1. Nf3 d5 2. g3 Nc6 3. d3 e5 4. Nbd2 Be7 5. Bg2 h5 6. h4 Be6 7. c4 Nf6 8. Ng5 Qd7 9. Nxe6 fxe6 10. a3 0-0 11. b4 Rae8 12. 0-0 Ng4 13. cxd5 exd5 14. Qb3 Rd8 15. Bb2 Kh8 16. e3 Bf6 17. Bh3 Qd6 18. b5 Ne7 19. a4 e4 20. Bxg4 hxg4 21. Bxf6 Rxf6 22. dxe4 Rdf8 23. exd5 Qe5 24. Rad1 Nf5 25. Nc4 Qe4 26. Nd2 Qe7 27. Kg2 Nd6 28. Qb4 Qd7 29. Ne4 Rf3 30. Ng5 Qf5 31. Qb2 Ne4 32. Ne6 Rf6 33. Nf4 Rd6 34. Rd4 Nf6 35. Qb1 Qh7 36. Qxh7+ Kxh7 37. Rc1 Rd7 38. Ne6 Rf5 39. Nf8+ Kg8 40. Nxd7 Nxd7 41. Rxc7 1-0

[Event "Goch op 27th"]
[Site "Goch"]
[Date "2016.09.02"]
[Round "3"]
[White "Mentink, Toon"]
[Black "Hoellmann, Ludger"]
[Result "1-0"]
[WhiteElo "1876"]
[BlackElo "2062"]
[PlyCount "71"]
[EventDate "2016.09.01"]
[EventType "swiss"]
[EventRounds "7"]
[EventCountry "GER"]
[SourceTitle "EXT 2018"]
[Source "ChessBase"]
[SourceDate "2017.10.13"]
[SourceVersion "1"]
[SourceVersionDate "2017.10.13"]
[SourceQuality "1"]

1. Nf3 Nf6 2. c4 g6 3. b3 Bg7 4. Bb2 0-0 5. g3 d5 6. cxd5 Nxd5 7. Bxg7 Kxg7 8. Bg2 a5 9. Nc3 Na6 10. Nxd5 Qxd5 11. 0-0 c6 12. d3 Be6 13. Qc2 f6 14. Qb2 Rfd8 15. Rfc1 Qd7 16. h4 Rac8 17. a3 Nc7 18. Rc2 Bg4 19. Rac1 e5 20. b4 axb4 21. axb4 Nb5 22. Rc4 Be6 23. Rc5 Ra8 24. Nxe5 fxe5 25. Qxe5+ Kg8 26. Rxb5 Bf7 27. Ra5 Re8 28. Rxa8 Rxa8 29. Ra1 Re8 30. Qb2 Be6 31. Ra7 Bg4 32. e3 Qc7 33. d4 Be6 34. Qc3 Qf7 35. Qd2 Bc4 36. Bxc6 1-0

[Event "WchT Seniors 65"]
[Site "Radebeul"]
[Date "2016.06.28"]
[Round "3.3"]
[White "Mentink, Toon"]
[Black "Selig, Rainer"]
[Result "1-0"]
[WhiteElo "1853"]
[BlackElo "2139"]
[PlyCount "99"]
[EventDate "2016.06.26"]
[EventType "team-swiss"]
[EventRounds "9"]
[EventCountry "GER"]
[SourceTitle "CBM 173 Extra"]
[Source "ChessBase"]
[SourceDate "2016.08.29"]
[SourceVersion "1"]
[SourceVersionDate "2016.08.29"]
[SourceQuality "1"]
[WhiteTeam "Oranje III"]
[BlackTeam "Oberlausitz"]
[WhiteTeamCountry "NED"]
[BlackTeamCountry "GER"]

1. c4 g6 2. Nc3 Bg7 3. Nf3 d6 4. g3 e5 5. d4 Ne7 6. dxe5 dxe5 7. Qxd8+ Kxd8 8. Bg2 c6 9. 0-0 Be6 10. Rd1+ Kc7 11. b3 h6 12. Bb2 Nd7 13. Rac1 Rad8 14. e4 Rhe8 15. Ba3 Nc8 16. c5 Bg4 17. h3 Bxf3 18. Bxf3 f5 19. b4 Nf6 20. Kf1 Rd4 21. exf5 Rxd1+ 22. Rxd1 gxf5 23. Be2 e4 24. Bc1 b6 25. Bf4+ Kb7 26. a4 Ne7 27. cxb6 Nfd5 28. Nxd5 Nxd5 29. bxa7 Kxa7 30. b5 Nxf4 31. Rd7+ Kb6 32. Rxg7 Nxe2 33. Kxe2 cxb5 34. Rg6+ Ka5 35. axb5 Kxb5 36. Rxh6 Rc8 37. Rf6 Rc2+ 38. Kf1 Rc5 39. h4 Kc4 40. Rd6 Ra5 41. h5 Kc5 42. Rd8 f4 43. gxf4 Ra6 44. Ke2 Rh6 45. Ke3 Rxh5 46. Kxe4 Rh2 47. Kf3 Kc6 48. Kg3 Rh5 49. f3 Kc7 50. Rd3 1-0

[Event "Hessen-ch Seniors op 12th"]
[Site "Bad Sooden-Allendorf"]
[Date "2016.05.08"]
[Round "8"]
[White "Mentink, Toon"]
[Black "Schnegelsberg, Karl Heinz"]
[Result "0-1"]
[WhiteElo "1841"]
[BlackElo "1990"]
[PlyCount "74"]
[EventDate "2016.04.30"]
[EventType "swiss"]
[EventRounds "9"]
[EventCountry "GER"]
[SourceTitle "EXT 2019"]
[Source "ChessBase"]
[SourceDate "2018.10.10"]
[SourceVersion "1"]
[SourceVersionDate "2018.10.10"]
[SourceQuality "1"]

1. Nf3 d5 2. g3 Nf6 3. c4 c6 4. Bg2 g6 5. Qb3 Bg7 6. 0-0 0-0 7. d3 Nbd7 8. Na3 e5 9. Bg5 Nc5 10. Qc2 Ne6 11. Bxf6 Bxf6 12. Rad1 Rb8 13. b4 b5 14. cxd5 cxd5 15. Nb1 Bb7 16. Rc1 Qe7 17. Qb3 e4 18. dxe4 dxe4 19. Nfd2 Nd4 20. Qe3 Rfe8 21. Nb3 Qxb4 22. Nc5 Qb2 23. Nc3 Nf5 24. Nd7 Nxe3 25. Nxf6+ Kh8 26. fxe3 Rec8 27. Nd7 Ra8 28. Rfd1 Rxc3 29. Rxc3 Qxc3 30. Kf2 f5 31. Rd4 Rd8 32. Rd6 Bc8 33. Ne5 Rxd6 34. Nf7+ Kg7 35. Nxd6 Bd7 36. g4 Qc7 37. gxf5 gxf5 0-1

[Event "Goch op 26th"]
[Site "Goch"]
[Date "2015.09.06"]
[Round "7"]
[White "Mentink, Toon"]
[Black "Leyens, Klaus"]
[Result "0-1"]
[WhiteElo "1841"]
[BlackElo "1584"]
[PlyCount "120"]
[EventDate "2015.09.03"]
[EventType "swiss"]
[EventRounds "7"]
[EventCountry "GER"]
[SourceTitle "EXT 2018"]
[Source "ChessBase"]
[SourceDate "2017.10.13"]
[SourceVersion "1"]
[SourceVersionDate "2017.10.13"]
[SourceQuality "1"]

1. Nc3 d5 2. e4 d4 3. Nce2 e5 4. d3 c5 5. f4 Bd6 6. Nf3 Nc6 7. g3 Nf6 8. Bg2 0-0 9. 0-0 Bg4 10. Kh1 Qc7 11. b3 Rac8 12. h3 Bd7 13. f5 Kh8 14. g4 b6 15. Ng3 Ng8 16. g5 f6 17. Nh4 Be8 18. g6 h6 19. Bd2 a5 20. a4 Nb4 21. Rg1 Rb8 22. Bf1 Rb7 23. c4 dxc3 24. Bxc3 Nc6 25. Nh5 Nd4 26. Rc1 Bc6 27. Bg2 Qd8 28. Bd2 Rd7 29. Be3 Bc7 30. Nf3 Nxf3 31. Bxf3 Rxd3 32. Qe1 Rxb3 33. Rd1 Rd3 34. Qe2 Rxd1 35. Rxd1 Qe7 36. Qc2 Rd8 37. Rg1 Qe8 38. Qc4 Rd7 39. Bd1 Rd4 40. Bxd4 Bxe4+ 41. Kh2 exd4+ 42. Ng3 Bxf5 43. Qf7 Qb8 44. Bb3 h5 45. h4 Nh6 46. Qd5 Bxg6 47. Kh3 Bxg3 48. Rxg3 Bf7 49. Qf3 Be8 50. Be6 Qe5 51. Bc8 Qc7 52. Be6 Qd6 53. Qe2 Bxa4 54. Rg6 Be8 55. Rg1 Bd7 56. Bxd7 Qxd7+ 57. Kh2 Ng4+ 58. Kh1 Qd5+ 59. Rg2 Ne3 60. Kg1 Qxg2+ 0-1

[Event "Goch op 25th"]
[Site "Goch"]
[Date "2014.09.04"]
[Round "1"]
[White "Mentink, Toon"]
[Black "Verfuerth, Thomas"]
[Result "0-1"]
[WhiteElo "1800"]
[BlackElo "2156"]
[PlyCount "72"]
[EventDate "2014.09.04"]
[EventType "swiss"]
[EventRounds "7"]
[EventCountry "GER"]
[SourceTitle "EXT 2016"]
[Source "ChessBase"]
[SourceDate "2015.10.08"]
[SourceVersion "1"]
[SourceVersionDate "2015.10.08"]
[SourceQuality "1"]

1. Nf3 c5 2. b3 Nc6 3. Bb2 d6 4. g3 e5 5. d3 g6 6. Bg2 Bg7 7. 0-0 Nge7 8. e4 0-0 9. Nbd2 f5 10. a3 f4 11. Qe1 h6 12. b4 cxb4 13. Nb3 a5 14. axb4 Nxb4 15. Qc3 Be6 16. Nxa5 Na2 17. Rxa2 Bxa2 18. Nc4 Kh7 19. Ra1 Bxc4 20. Rxa8 Qxa8 21. dxc4 Nc6 22. gxf4 Rxf4 23. Bc1 Rf8 24. Bh3 Qa5 25. Qe3 Rxf3 26. Qxf3 Qe1+ 27. Kg2 Qxc1 28. Qf7 Qg5+ 29. Kf1 Qf4 30. Qxb7 Qxe4 31. Bg2 Qxc4+ 32. Kg1 e4 33. h4 Qxc2 34. Qf7 Ne5 35. Qe6 Qd1+ 36. Kh2 Ng4+ 0-1

[Event "Hessen-ch Seniors op 10th"]
[Site "Bad Sooden-Allendorf"]
[Date "2014.05.03"]
[Round "8"]
[White "Mentink, Toon"]
[Black "Walther, Gerd"]
[Result "0-1"]
[WhiteElo "1826"]
[BlackElo "1927"]
[PlyCount "82"]
[EventDate "2014.04.26"]
[EventType "swiss"]
[EventRounds "9"]
[EventCountry "GER"]
[SourceTitle "EXT 2018"]
[Source "ChessBase"]
[SourceDate "2017.10.13"]
[SourceVersion "1"]
[SourceVersionDate "2017.10.13"]
[SourceQuality "1"]

1. Nf3 e6 2. c4 Nf6 3. Nc3 b6 4. e3 Bb7 5. d4 Bb4 6. Bd2 0-0 7. Rc1 Be7 8. Bd3 c5 9. 0-0 d5 10. Re1 Nc6 11. cxd5 Nxd5 12. Bb1 cxd4 13. Nxd5 Qxd5 14. e4 Qd7 15. e5 f5 16. exf6 Bxf6 17. Qb3 Qd5 18. Rxe6 Qxb3 19. axb3 Nd8 20. Rd6 Bxf3 21. gxf3 Nf7 22. Rd7 Ne5 23. Rxd4 Nxf3+ 24. Kg2 Nxd4 25. b4 Rac8 26. Ba2+ Kh8 27. Rd1 Rfd8 28. Re1 Nf3 29. Kxf3 Rxd2 30. Be6 Rf8 31. b3 Rxf2+ 32. Kg3 Bd4 33. Re4 Bc3 34. Rc4 Be5+ 35. Kh3 Rxh2+ 36. Kg4 h5+ 37. Kg5 Bd6 38. Bf5 Rg2+ 39. Kxh5 Rxf5+ 40. Kh4 Rf6 41. Kh3 Rg3+ 0-1

[Event "Hessen-ch Seniors op 10th"]
[Site "Bad Sooden-Allendorf"]
[Date "2014.05.02"]
[Round "7"]
[White "Schuetze, Manfred"]
[Black "Mentink, Toon"]
[Result "0-1"]
[WhiteElo "1834"]
[BlackElo "1826"]
[PlyCount "59"]
[EventDate "2014.04.26"]
[EventType "swiss"]
[EventRounds "9"]
[EventCountry "GER"]
[SourceTitle "EXT 2018"]
[Source "ChessBase"]
[SourceDate "2017.10.13"]
[SourceVersion "1"]
[SourceVersionDate "2017.10.13"]
[SourceQuality "1"]

1. e4 e6 2. d4 d5 3. Nd2 Nf6 4. e5 Nfd7 5. Bd3 c5 6. c3 Nc6 7. Ne2 Be7 8. Nf3 g5 9. h3 h6 10. Be3 Qb6 11. 0-0 c4 12. Bc2 Qc7 13. Nh2 b5 14. f4 Qb6 15. Qd2 gxf4 16. Nxf4 Bb7 17. Kh1 0-0-0 18. Nh5 Bg5 19. Ng4 Bxe3 20. Qxe3 Rdf8 21. Rf3 Nd8 22. Ngf6 Nxf6 23. Rxf6 Qc7 24. Raf1 Nc6 25. Qf4 Nd8 26. Qe3 Qe7 27. Kh2 b4 28. Rxh6 bxc3 29. bxc3 Qa3 30. Bb1 0-1

[Event "Hessen-ch Seniors op 10th"]
[Site "Bad Sooden-Allendorf"]
[Date "2014.04.30"]
[Round "5"]
[White "Hampe, Werner"]
[Black "Mentink, Toon"]
[Result "0-1"]
[WhiteElo "1780"]
[BlackElo "1826"]
[PlyCount "41"]
[EventDate "2014.04.26"]
[EventType "swiss"]
[EventRounds "9"]
[EventCountry "GER"]
[SourceTitle "EXT 2018"]
[Source "ChessBase"]
[SourceDate "2017.10.13"]
[SourceVersion "1"]
[SourceVersionDate "2017.10.13"]
[SourceQuality "1"]

1. c4 Nf6 2. g3 e5 3. Bg2 Nc6 4. Nc3 a6 5. a3 d6 6. Nf3 Rb8 7. d3 Be7 8. 0-0 Bd7 9. h3 h6 10. Rb1 Qc8 11. Kh2 g5 12. e4 g4 13. Ng1 gxh3 14. Bxh3 h5 15. Bxd7+ Qxd7 16. f3 Nd4 17. Be3 Ne6 18. Nd5 h4 19. g4 Nh7 20. Nh3 f6 21. Bd2 0-1

[Event "Liechtenstein op Seniors"]
[Site "Triesen"]
[Date "2013.05.10"]
[Round "8"]
[White "Mentink, Toon"]
[Black "Norman, Kenneth I"]
[Result "1/2-1/2"]
[WhiteElo "1775"]
[BlackElo "2208"]
[PlyCount "31"]
[EventDate "2013.05.03"]
[EventType "swiss"]
[EventRounds "9"]
[EventCountry "LIE"]
[SourceTitle "CBM 154 Extra"]
[Source "ChessBase"]
[SourceDate "2013.06.25"]
[SourceVersion "2"]
[SourceVersionDate "2013.06.25"]
[SourceQuality "1"]

1. Nf3 d5 2. g3 Nf6 3. Bg2 g6 4. c4 dxc4 5. Qa4+ Nfd7 6. Qxc4 Bg7 7. d3 0-0 8. 0-0 h6 9. Nbd2 e5 10. a3 Nb6 11. Qc2 Be6 12. Ne4 N8d7 13. Bd2 Nd5 14. Rab1 Qe7 15. Rfc1 c6 16. Nc5 1/2-1/2